000 00688nam a22002057a 4500
003 AM-YeHGA
040 _aAM-YeHGA
090 _c427953
005 20250617155055.0
008 190215b ||||| |||| 00| 0 rus d
041 0 _arus
245 0 0 _aГеография /
_cПод ред. В.И. Юденича.
260 _a[Киев] :
_bРадянська школа,
_c1949.
300 _aвыпуск
440 0 _aУниверситет на дому
505 1 0 _gВып. 1 (1949, 184 с., ил.) :
_tОбщая физическая география
650 1 4 _aФизическая география
700 1 _aЮденич, В.И.
_eред.
_4edt
942 _2udc
_cBK
999 _c425486
_d425486